[Event "3e Open de Bastia"]
[Site "Bastia"]
[Date "2023.07.10"]
[Round "4.4"]
[White "Bulmaga, Irina"]
[Black "Bouslimi, Nabil"]
[Result "1-0"]
[BlackElo "2087"]
[WhiteElo "2416"]
[LiveChessVersion "1.4.6"]

1. e4 {[%clk 0:15:03]} e6 {[%clk 0:15:06]} 2. d4 {[%clk 0:15:04]} d5
{[%clk 0:15:08]} 3. Nc3 {[%clk 0:15:05]} Nf6 {[%clk 0:15:09]} 4. Bg5
{[%clk 0:15:06]} dxe4 {[%clk 0:14:58]} 5. Nxe4 {[%clk 0:15:05]} Be7
{[%clk 0:14:59]} 6. Bxf6 {[%clk 0:15:05]} Bxf6 {[%clk 0:15:01]} 7. Nf3
{[%clk 0:15:04]} Nd7 {[%clk 0:14:52]} 8. Bd3 {[%clk 0:14:36]} b6 {[%clk 0:14:22]}
9. Qe2 {[%clk 0:14:30]} Bb7 {[%clk 0:14:21]} 10. O-O-O {[%clk 0:14:24]} Qe7
{[%clk 0:14:08]} 11. g4 {[%clk 0:14:07]} h5 {[%clk 0:10:59]} 12. h3
{[%clk 0:10:42]} h4 {[%clk 0:08:49]} 13. Kb1 {[%clk 0:10:27]} g5 {[%clk 0:07:36]}
14. Rhe1 {[%clk 0:10:27]} O-O-O {[%clk 0:06:12]} 15. Ba6 {[%clk 0:10:23]} Nb8
{[%clk 0:05:57]} 16. Bxb7+ {[%clk 0:10:06]} Kxb7 {[%clk 0:05:59]} 17. Qe3
{[%clk 0:09:05]} Rhg8 {[%clk 0:05:40]} 18. a3 {[%clk 0:08:35]} Nc6
{[%clk 0:03:48]} 19. Nxf6 {[%clk 0:07:41]} Qxf6 {[%clk 0:03:43]} 20. Rd3
{[%clk 0:07:26]} Rd5 {[%clk 0:03:16]} 21. c4 {[%clk 0:06:43]} Rd7
{[%clk 0:01:36]} 22. Ka2 {[%clk 0:06:36]} Ne7 {[%clk 0:00:05]} 23. Ne5
{[%clk 0:06:09]} Rgd8 {[%clk 0:00:04]} 24. Qe4+ {[%clk 0:06:02]} c6
{[%clk 0:00:06]} 25. Rf3 {[%clk 0:05:16]} Qh8 {[%clk 0:00:05]} 26. Rxf7
{[%clk 0:05:06]} Qe8 {[%clk 0:00:06]} 27. Qh7 {[%clk 0:04:49]} Rc7
{[%clk 0:00:07]} 28. Nf3 {[%clk 0:04:23]} Qd7 {[%clk 0:00:05]} 29. Qe4
{[%clk 0:04:15]} Qd6 {[%clk 0:00:04]} 30. Qxe6 {[%clk 0:04:05]} Qxe6
{[%clk 0:00:05]} 31. Rxe6 {[%clk 0:04:05]} Nd5 {[%clk 0:00:04]} 32. Rxc7+
{[%clk 0:03:42]} Nxc7 {[%clk 0:00:07]} 33. Re5 {[%clk 0:03:39]} Rf8
{[%clk 0:00:09]} 34. Rf5 {[%clk 0:03:40]} Re8 {[%clk 0:00:10]} 35. Nxg5
{[%clk 0:03:33]} b5 {[%clk 0:00:11]} 36. cxb5 {[%clk 0:02:58]} Nxb5
{[%clk 0:00:13]} 37. d5 {[%clk 0:02:55]} c5 {[%clk 0:00:11]} 38. Rf7+
{[%clk 0:02:50]} Kb6 {[%clk 0:00:11]} 39. Ne6 {[%clk 0:02:49]} c4
{[%clk 0:00:10]} 40. a4 {[%clk 0:02:15]} c3 {[%clk 0:00:06]} 41. axb5
{[%clk 0:01:55]} c2 {[%clk 0:00:08]} 42. Rc7 {[%clk 0:01:46]} Rxe6
{[%clk 0:00:10]} 43. Rxc2 {[%clk 0:01:44]} 1-0

[Event "3e Open de Bastia"]
[Site "Bastia"]
[Date "2023.07.10"]
[Round "4.5"]
[White "Bonelli Maestracci, Pierre Joseph"]
[Black "Nevednichy, Vladislav"]
[Result "0-1"]
[BlackElo "2453"]
[WhiteElo "1893"]
[LiveChessVersion "1.4.6"]

1. e4 {[%clk 0:15:05]} c5 {[%clk 0:15:05]} 2. c3 {[%clk 0:15:07]} d5
{[%clk 0:15:03]} 3. exd5 {[%clk 0:15:09]} Qxd5 {[%clk 0:15:05]} 4. d4
{[%clk 0:15:12]} g6 {[%clk 0:15:07]} 5. Nf3 {[%clk 0:15:12]} Bg7 {[%clk 0:15:08]}
6. Be2 {[%clk 0:15:14]} Nf6 {[%clk 0:14:58]} 7. O-O {[%clk 0:14:57]} cxd4
{[%clk 0:14:58]} 8. cxd4 {[%clk 0:14:59]} O-O {[%clk 0:14:58]} 9. Nc3
{[%clk 0:15:00]} Qa5 {[%clk 0:14:46]} 10. Qb3 {[%clk 0:13:17]} Nbd7
{[%clk 0:14:09]} 11. Rd1 {[%clk 0:12:05]} Nb6 {[%clk 0:13:39]} 12. Bd2
{[%clk 0:09:36]} Be6 {[%clk 0:13:22]} 13. Qb5 {[%clk 0:09:03]} Qxb5
{[%clk 0:13:16]} 14. Bxb5 {[%clk 0:08:41]} Rfd8 {[%clk 0:13:05]} 15. Bf4
{[%clk 0:07:24]} Nfd5 {[%clk 0:12:55]} 16. Nxd5 {[%clk 0:06:48]} Nxd5
{[%clk 0:12:55]} 17. Be5 {[%clk 0:06:38]} Bh6 {[%clk 0:12:38]} 18. Ba4
{[%clk 0:05:48]} Rac8 {[%clk 0:12:33]} 19. Bb3 {[%clk 0:05:19]} Bf5
{[%clk 0:11:48]} 20. Ne1 {[%clk 0:04:45]} Nb4 {[%clk 0:10:08]} 21. a3
{[%clk 0:04:26]} Nc2 {[%clk 0:08:53]} 22. Nxc2 {[%clk 0:03:39]} Bxc2
{[%clk 0:08:53]} 23. Bxc2 {[%clk 0:03:27]} Rxc2 {[%clk 0:08:54]} 24. Rab1
{[%clk 0:03:08]} f6 {[%clk 0:08:42]} 25. Bg3 {[%clk 0:03:08]} Rd5
{[%clk 0:08:42]} 26. Kf1 {[%clk 0:02:28]} a6 {[%clk 0:08:10]} 27. Rd3
{[%clk 0:02:01]} Rc4 {[%clk 0:07:32]} 28. Rbd1 {[%clk 0:01:59]} Kf7
{[%clk 0:07:10]} 29. f3 {[%clk 0:01:12]} b5 {[%clk 0:06:48]} 30. Be1
{[%clk 0:01:00]} Rc2 {[%clk 0:06:35]} 31. Bc3 {[%clk 0:00:55]} Bf4
{[%clk 0:06:27]} 32. g3 {[%clk 0:00:34]} Bh6 {[%clk 0:06:25]} 33. Kg1
{[%clk 0:00:33]} Bc1 {[%clk 0:06:15]} 34. Re1 {[%clk 0:00:10]} Bxb2
{[%clk 0:06:07]} 35. Bb4 {[%clk 0:00:12]} Rc7 {[%clk 0:05:57]} 0-1

[Event "3e Open de Bastia"]
[Site "Bastia"]
[Date "2023.07.10"]
[Round "4.6"]
[White "Guillemart, Serge"]
[Black "Krasenkow, Michal"]
[Result "0-1"]
[BlackElo "2524"]
[WhiteElo "2195"]
[LiveChessVersion "1.4.6"]

1. e4 {[%clk 0:15:04]} g6 {[%clk 0:15:05]} 2. d4 {[%clk 0:15:05]} Bg7
{[%clk 0:15:07]} 3. g3 {[%clk 0:15:06]} d5 {[%clk 0:15:01]} 4. e5
{[%clk 0:15:00]} c5 {[%clk 0:15:00]} 5. c3 {[%clk 0:15:01]} Nc6 {[%clk 0:15:01]}
6. Bg2 {[%clk 0:14:59]} Nh6 {[%clk 0:14:43]} 7. Ne2 {[%clk 0:14:56]} Bg4
{[%clk 0:14:08]} 8. h3 {[%clk 0:14:16]} Bxe2 {[%clk 0:14:07]} 9. Qxe2
{[%clk 0:14:16]} cxd4 {[%clk 0:14:05]} 10. e6 {[%clk 0:14:13]} O-O
{[%clk 0:13:56]} 11. O-O {[%clk 0:14:04]} Qd6 {[%clk 0:13:39]} 12. exf7+
{[%clk 0:13:42]} Rxf7 {[%clk 0:13:32]} 13. Qb5 {[%clk 0:13:02]} e6
{[%clk 0:13:24]} 14. Bf4 {[%clk 0:13:02]} Qd7 {[%clk 0:12:50]} 15. c4
{[%clk 0:12:49]} a6 {[%clk 0:12:41]} 16. Qa4 {[%clk 0:12:30]} b5 {[%clk 0:10:50]}
17. cxb5 {[%clk 0:12:20]} Ne7 {[%clk 0:10:41]} 18. Na3 {[%clk 0:11:45]} e5 19.
Bxh6 {[%clk 0:11:13]} Bxh6 {[%clk 0:10:37]} 20. Qa5 {[%clk 0:11:08]} e4
{[%clk 0:10:19]} 21. b4 {[%clk 0:10:50]} Bd2 {[%clk 0:09:43]} 22. bxa6
{[%clk 0:09:48]} Nc6 {[%clk 0:09:45]} 23. Qb6 {[%clk 0:09:44]} Bxb4
{[%clk 0:09:28]} 24. Rac1 {[%clk 0:09:27]} Bc3 {[%clk 0:09:12]} 25. Nb1
{[%clk 0:08:52]} Rb8 {[%clk 0:06:22]} 26. Qc5 {[%clk 0:08:42]} Nb4
{[%clk 0:05:57]} 27. Nxc3 {[%clk 0:07:15]} dxc3 {[%clk 0:05:58]} 28. Qd4
{[%clk 0:07:09]} Qa7 {[%clk 0:05:09]} 29. Qxc3 {[%clk 0:05:19]} Nxa2
{[%clk 0:05:06]} 30. Qc6 {[%clk 0:05:22]} Nxc1 {[%clk 0:05:04]} 31. Rxc1
{[%clk 0:05:20]} Qxf2+ {[%clk 0:05:04]} 32. Kh2 {[%clk 0:05:18]} Rb2
{[%clk 0:04:43]} 33. Rg1 {[%clk 0:04:47]} Qd4 {[%clk 0:04:29]} 34. Qe8+
{[%clk 0:04:18]} Kg7 {[%clk 0:04:32]} 35. a7 {[%clk 0:04:12]} Rxa7
{[%clk 0:04:32]} 36. Rf1 {[%clk 0:04:13]} Rf2 {[%clk 0:04:08]} 37. Rxf2
{[%clk 0:03:45]} Qxf2 {[%clk 0:04:08]} 38. Qe5+ {[%clk 0:03:36]} Kh6
{[%clk 0:04:09]} 39. Qxd5 {[%clk 0:03:22]} e3 {[%clk 0:03:48]} 40. h4
{[%clk 0:02:52]} e2 {[%clk 0:03:31]} 41. Qg5+ {[%clk 0:02:53]} Kg7
{[%clk 0:03:28]} 42. Qe5+ {[%clk 0:02:54]} Kf8 {[%clk 0:02:09]} 43. Qh8+
{[%clk 0:02:36]} Kf7 {[%clk 0:01:23]} 44. Qxh7+ {[%clk 0:02:33]} Kf6
{[%clk 0:01:19]} 45. Qh8+ {[%clk 0:02:31]} Rg7 {[%clk 0:01:13]} 46. Qf8+
{[%clk 0:02:19]} Rf7 {[%clk 0:01:15]} 47. Qh8+ {[%clk 0:02:17]} Ke6
{[%clk 0:01:08]} 48. Qe8+ {[%clk 0:02:17]} Kd6 {[%clk 0:00:59]} 49. Qb8+
{[%clk 0:01:57]} Kc5 {[%clk 0:00:36]} 50. Qe5+ {[%clk 0:01:49]} Kc4
{[%clk 0:00:37]} 51. Qd5+ {[%clk 0:01:34]} Kc3 {[%clk 0:00:37]} 52. Qe5+
{[%clk 0:01:33]} Kd3 {[%clk 0:00:35]} 53. Qe4+ {[%clk 0:01:24]} Kc3
{[%clk 0:00:38]} 54. Qe5+ {[%clk 0:01:23]} Kb4 {[%clk 0:00:36]} 55. Qe4+
{[%clk 0:01:20]} Kb5 {[%clk 0:00:31]} 56. Qe5+ {[%clk 0:01:19]} Ka6
{[%clk 0:00:28]} 57. Qe6+ {[%clk 0:01:13]} Ka7 {[%clk 0:00:30]} 58. Qa2+
{[%clk 0:01:13]} Kb8 {[%clk 0:00:25]} 59. Qb3+ {[%clk 0:01:04]} Kc8
{[%clk 0:00:25]} 60. Qe6+ {[%clk 0:00:54]} Rd7 {[%clk 0:00:23]} 61. Qe8+
{[%clk 0:00:49]} Kc7 {[%clk 0:00:25]} 62. Qe5+ {[%clk 0:00:49]} Kd8
{[%clk 0:00:22]} 63. Qb8+ {[%clk 0:00:45]} Ke7 {[%clk 0:00:24]} 64. Qe5+
{[%clk 0:00:46]} Kf7 {[%clk 0:00:26]} 0-1

[Event "3e Open de Bastia"]
[Site "Bastia"]
[Date "2023.07.10"]
[Round "4.7"]
[White "Collutiis, Duilio"]
[Black "Rendle, Thomas E"]
[Result "1-0"]
[BlackElo "2385"]
[WhiteElo "2341"]
[LiveChessVersion "1.4.6"]

1. d4 {[%clk 0:15:02]} d5 {[%clk 0:15:05]} 2. c4 {[%clk 0:15:04]} c6
{[%clk 0:15:06]} 3. cxd5 {[%clk 0:15:05]} cxd5 {[%clk 0:15:07]} 4. Nc3
{[%clk 0:15:05]} e5 {[%clk 0:15:00]} 5. dxe5 {[%clk 0:15:01]} d4 {[%clk 0:15:01]}
6. Ne4 {[%clk 0:15:02]} Qa5+ {[%clk 0:14:56]} 7. Nd2 {[%clk 0:15:04]} Nc6
{[%clk 0:14:56]} 8. Ngf3 {[%clk 0:15:05]} h5 {[%clk 0:14:56]} 9. h4
{[%clk 0:14:38]} Bf5 {[%clk 0:14:14]} 10. g3 {[%clk 0:13:19]} Rd8
{[%clk 0:11:00]} 11. Bg2 {[%clk 0:11:24]} d3 {[%clk 0:10:50]} 12. e3 Nb4
{[%clk 0:09:51]} 13. O-O {[%clk 0:10:22]} Nc2 {[%clk 0:09:51]} 14. Nb3
{[%clk 0:08:58]} Qa6 {[%clk 0:09:33]} 15. Nbd4 {[%clk 0:07:33]} Bg6
{[%clk 0:09:34]} 16. Rb1 {[%clk 0:07:15]} Qxa2 {[%clk 0:09:23]} 17. Bd2
{[%clk 0:07:16]} Nh6 {[%clk 0:08:34]} 18. Ng5 {[%clk 0:07:16]} Bc5
{[%clk 0:08:13]} 19. e6 {[%clk 0:05:47]} f6 {[%clk 0:04:58]} 20. Be4
{[%clk 0:05:34]} Bxe4 {[%clk 0:04:51]} 21. Nxe4 {[%clk 0:05:34]} Bxd4
{[%clk 0:04:50]} 22. Qxh5+ {[%clk 0:05:29]} Ke7 {[%clk 0:04:23]} 23. exd4
{[%clk 0:05:17]} Qd5 {[%clk 0:03:47]} 24. Qg6 {[%clk 0:04:43]} Nf5
{[%clk 0:03:43]} 25. Qf7# {[%clk 0:04:40]} 1-0

[Event "3e Open de Bastia"]
[Site "Bastia"]
[Date "2023.07.10"]
[Round "4.8"]
[White "Horton, Jamie A"]
[Black "Roberson, Peter T"]
[Result "1/2-1/2"]
[BlackElo "2433"]
[WhiteElo "2177"]
[LiveChessVersion "1.4.6"]

1. d4 {[%clk 0:15:04]} d5 {[%clk 0:15:05]} 2. c4 {[%clk 0:15:05]} c6
{[%clk 0:15:07]} 3. Nf3 {[%clk 0:15:06]} Nf6 {[%clk 0:15:09]} 4. Qc2
{[%clk 0:15:08]} dxc4 {[%clk 0:14:57]} 5. Qxc4 {[%clk 0:15:09]} Bf5
{[%clk 0:14:51]} 6. g3 {[%clk 0:15:03]} e6 {[%clk 0:14:50]} 7. Bg2
{[%clk 0:15:04]} Be7 {[%clk 0:14:47]} 8. O-O {[%clk 0:15:04]} O-O
{[%clk 0:14:47]} 9. Rd1 {[%clk 0:14:52]} Nbd7 {[%clk 0:13:48]} 10. e3
{[%clk 0:14:50]} Rc8 {[%clk 0:12:44]} 11. Qe2 {[%clk 0:14:47]} c5
{[%clk 0:11:41]} 12. Nc3 {[%clk 0:14:14]} Ne4 {[%clk 0:11:22]} 13. Nd2
{[%clk 0:09:22]} Nxc3 {[%clk 0:09:05]} 14. bxc3 {[%clk 0:09:24]} Qc7
{[%clk 0:08:24]} 15. e4 {[%clk 0:08:56]} Bg6 {[%clk 0:08:26]} 16. Nb3
{[%clk 0:07:48]} Rfd8 {[%clk 0:07:46]} 17. h4 {[%clk 0:07:13]} h6
{[%clk 0:07:23]} 18. Be3 {[%clk 0:06:42]} b6 {[%clk 0:06:45]} 19. Rac1
{[%clk 0:04:40]} Qb8 {[%clk 0:05:43]} 20. Nd2 {[%clk 0:01:06]} cxd4
{[%clk 0:04:23]} 21. cxd4 {[%clk 0:01:03]} Rxc1 22. Rxc1 Rc8 {[%clk 0:04:15]} 23.
Qd1 {[%clk 0:00:49]} b5 {[%clk 0:04:10]} 24. Nb3 {[%clk 0:00:43]} Nb6
{[%clk 0:04:06]} 25. Rxc8+ {[%clk 0:00:28]} Qxc8 {[%clk 0:04:07]} 26. d5
{[%clk 0:00:27]} exd5 {[%clk 0:02:28]} 27. exd5 {[%clk 0:00:28]} Qc2
{[%clk 0:02:29]} 28. Qxc2 {[%clk 0:00:17]} Bxc2 {[%clk 0:02:30]} 29. Nd4
{[%clk 0:00:08]} Bb1 {[%clk 0:02:28]} 30. Nxb5 {[%clk 0:00:09]} Bxa2
{[%clk 0:02:28]} 31. d6 {[%clk 0:00:10]} Bf8 {[%clk 0:01:50]} 32. Nxa7
{[%clk 0:00:11]} Nd7 {[%clk 0:01:52]} 33. Bf4 {[%clk 0:00:09]} g5
{[%clk 0:01:30]} 34. hxg5 {[%clk 0:00:11]} hxg5 {[%clk 0:01:32]} 35. Bxg5
{[%clk 0:00:12]} Bxd6 {[%clk 0:01:34]} 36. Nc6 {[%clk 0:00:12]} f6
{[%clk 0:01:26]} 37. Be3 {[%clk 0:00:12]} Ne5 {[%clk 0:01:21]} 38. Nxe5
{[%clk 0:00:13]} Bxe5 {[%clk 0:01:20]} 39. Be4 {[%clk 0:00:14]} Kg7
{[%clk 0:01:16]} 40. f4 {[%clk 0:00:15]} Bd6 {[%clk 0:01:17]} 41. Bd4
{[%clk 0:00:12]} Bf7 {[%clk 0:00:40]} 42. Kf2 {[%clk 0:00:13]} Bg6
{[%clk 0:00:42]} 43. Bd5 {[%clk 0:00:09]} Bf7 {[%clk 0:00:40]} 44. Bc6
{[%clk 0:00:11]} Kg6 {[%clk 0:00:36]} 45. Kf3 {[%clk 0:00:10]} f5
{[%clk 0:00:35]} 46. Ke3 {[%clk 0:00:06]} Be7 {[%clk 0:00:34]} 47. Kf3
{[%clk 0:00:06]} Bf6 {[%clk 0:00:34]} 48. Bxf6 {[%clk 0:00:06]} Kxf6
{[%clk 0:00:36]} 49. Ke3 {[%clk 0:00:08]} Bb3 {[%clk 0:00:14]} 50. Kd4
{[%clk 0:00:10]} Bc2 {[%clk 0:00:16]} 51. Bf3 {[%clk 0:00:09]} Bb1
{[%clk 0:00:17]} 52. Be2 {[%clk 0:00:11]} Bc2 {[%clk 0:00:18]} 53. Kd5
{[%clk 0:00:11]} Bb3+ {[%clk 0:00:17]} 54. Kd6 {[%clk 0:00:13]} Bc2
{[%clk 0:00:18]} 55. Kd7 {[%clk 0:00:14]} Bb1 {[%clk 0:00:18]} 56. Ke8
{[%clk 0:00:14]} Ba2 {[%clk 0:00:17]} 57. Kf8 {[%clk 0:00:15]} Bb3
{[%clk 0:00:12]} 58. Bd3 {[%clk 0:00:16]} Bd5 {[%clk 0:00:09]} 59. Ke8
{[%clk 0:00:15]} Bb3 {[%clk 0:00:11]} 60. Kd7 {[%clk 0:00:14]} Bd5
{[%clk 0:00:10]} 61. Kd6 {[%clk 0:00:16]} Bb7 {[%clk 0:00:10]} 62. Kc5
{[%clk 0:00:18]} Bf3 {[%clk 0:00:11]} 63. Kd4 {[%clk 0:00:19]} Bb7
{[%clk 0:00:12]} 64. Ke3 {[%clk 0:00:19]} Bc6 {[%clk 0:00:14]} 65. Kf2
{[%clk 0:00:21]} Bb7 {[%clk 0:00:13]} 66. Kg1 {[%clk 0:00:22]} Bf3
{[%clk 0:00:14]} 67. Kh2 {[%clk 0:00:23]} Bd1 {[%clk 0:00:12]} 68. Kh3
{[%clk 0:00:23]} Bb3 {[%clk 0:00:14]} 69. Kh4 {[%clk 0:00:25]} Bd1
{[%clk 0:00:16]} 70. Ba6 {[%clk 0:00:24]} Bf3 {[%clk 0:00:17]} 71. Bc8
{[%clk 0:00:25]} Bd1 {[%clk 0:00:17]} 72. Bd7 {[%clk 0:00:22]} Bg4
{[%clk 0:00:17]} 73. Be8 {[%clk 0:00:23]} Bd1 {[%clk 0:00:15]} 74. Bh5
{[%clk 0:00:24]} Ba4 {[%clk 0:00:16]} 75. Bf3 {[%clk 0:00:25]} Be8
{[%clk 0:00:18]} 76. Be2 {[%clk 0:00:19]} Bf7 {[%clk 0:00:19]} 77. Bd3
{[%clk 0:00:18]} Be8 {[%clk 0:00:21]} 78. Be2 {[%clk 0:00:07]} Bf7
{[%clk 0:00:23]} 79. Bd3 {[%clk 0:00:09]} Be8 {[%clk 0:00:25]} 80. Bc4
{[%clk 0:00:07]} Bg6 {[%clk 0:00:24]} 81. Bd3 {[%clk 0:00:07]} Be8
{[%clk 0:00:26]} 82. Be2 {[%clk 0:00:09]} Bf7 {[%clk 0:00:28]} 83. Bd3
{[%clk 0:00:11]} Be8 {[%clk 0:00:31]} 84. Be2 {[%clk 0:00:14]} Bf7
{[%clk 0:00:33]} 85. Bd3 {[%clk 0:00:16]} Ke5 1/2-1/2

[Event "3e Open de Bastia"]
[Site "Bastia"]
[Date "2023.07.10"]
[Round "5.1"]
[White "Bulmaga, Irina"]
[Black "Relange, Eloi"]
[Result "0-1"]
[BlackElo "2462"]
[WhiteElo "2416"]
[LiveChessVersion "1.4.6"]

1. e4 {[%clk 0:15:03]} d6 {[%clk 0:15:05]} 2. d4 {[%clk 0:15:04]} Nf6
{[%clk 0:15:06]} 3. Nc3 {[%clk 0:15:05]} e5 {[%clk 0:15:08]} 4. Nf3
{[%clk 0:15:06]} Nbd7 {[%clk 0:15:10]} 5. Bc4 {[%clk 0:14:59]} Be7
{[%clk 0:15:11]} 6. O-O {[%clk 0:14:58]} O-O {[%clk 0:15:12]} 7. a4
{[%clk 0:14:58]} c6 {[%clk 0:15:13]} 8. Re1 {[%clk 0:14:59]} exd4
{[%clk 0:15:13]} 9. Nxd4 {[%clk 0:14:52]} Ne5 {[%clk 0:15:14]} 10. Bf1
{[%clk 0:14:01]} Re8 {[%clk 0:15:14]} 11. h3 {[%clk 0:13:53]} Bf8
{[%clk 0:14:29]} 12. a5 {[%clk 0:13:20]} Bd7 {[%clk 0:14:20]} 13. Bg5
{[%clk 0:12:42]} h6 {[%clk 0:13:00]} 14. Bh4 {[%clk 0:12:44]} Ng6
{[%clk 0:13:01]} 15. Bg3 {[%clk 0:12:40]} b5 {[%clk 0:12:41]} 16. axb6
{[%clk 0:12:03]} axb6 {[%clk 0:12:41]} 17. Rxa8 {[%clk 0:11:14]} Qxa8
{[%clk 0:12:42]} 18. Nb3 {[%clk 0:10:54]} Qb8 {[%clk 0:10:03]} 19. f4
{[%clk 0:10:27]} b5 {[%clk 0:10:02]} 20. Bd3 {[%clk 0:09:36]} b4 {[%clk 0:09:56]}
21. Nb1 {[%clk 0:09:38]} c5 {[%clk 0:09:53]} 22. e5 {[%clk 0:09:20]} dxe5
{[%clk 0:09:08]} 23. Bxg6 {[%clk 0:08:01]} exf4 {[%clk 0:06:57]} 24. Rxe8
{[%clk 0:04:51]} Bxe8 {[%clk 0:06:41]} 25. Bf2 {[%clk 0:04:24]} fxg6
{[%clk 0:06:37]} 26. Nxc5 {[%clk 0:04:21]} Bc6 {[%clk 0:06:06]} 27. Nd2
{[%clk 0:03:59]} Bxc5 {[%clk 0:04:29]} 28. Bxc5 {[%clk 0:04:00]} Qe5
{[%clk 0:04:30]} 29. Bf2 {[%clk 0:02:39]} Qxb2 {[%clk 0:04:19]} 30. Nb3
{[%clk 0:01:44]} Qe5 {[%clk 0:03:49]} 31. Nd4 {[%clk 0:01:17]} Bd5
{[%clk 0:03:42]} 32. Nf3 {[%clk 0:00:53]} Qe4 {[%clk 0:03:42]} 33. Kh2
{[%clk 0:00:13]} Kh7 {[%clk 0:03:42]} 34. Qd2 {[%clk 0:00:05]} Qc4
{[%clk 0:03:30]} 35. Qd3 0-1

[Event "3e Open de Bastia"]
[Site "Bastia"]
[Date "2023.07.10"]
[Round "5.2"]
[White "Nevednichy, Vladislav"]
[Black "Carnicelli, Valerio"]
[Result "1/2-1/2"]
[BlackElo "2344"]
[WhiteElo "2453"]
[LiveChessVersion "1.4.6"]

1. e4 {[%clk 0:15:03]} c5 {[%clk 0:15:04]} 2. Nf3 {[%clk 0:15:04]} Nc6
{[%clk 0:15:06]} 3. Bb5 g6 4. O-O {[%clk 0:15:01]} Bg7 {[%clk 0:15:09]} 5. c3
{[%clk 0:15:01]} Nf6 {[%clk 0:15:11]} 6. Qe2 {[%clk 0:15:01]} e5 {[%clk 0:15:05]}
7. Bxc6 {[%clk 0:14:55]} dxc6 {[%clk 0:15:07]} 8. Nxe5 Nh5 {[%clk 0:15:08]} 9. d4
{[%clk 0:12:35]} cxd4 {[%clk 0:15:10]} 10. cxd4 {[%clk 0:12:33]} Qxd4
{[%clk 0:15:11]} 11. Nf3 {[%clk 0:12:29]} Qb6 {[%clk 0:15:13]} 12. Nc3
{[%clk 0:12:04]} O-O {[%clk 0:15:11]} 13. Be3 {[%clk 0:11:52]} Qc7
{[%clk 0:13:39]} 14. Rfd1 {[%clk 0:11:48]} Nf4 {[%clk 0:13:27]} 15. Qd2
{[%clk 0:11:38]} Ne6 {[%clk 0:13:27]} 16. Bh6 {[%clk 0:11:25]} Rd8
{[%clk 0:12:52]} 17. Qe3 {[%clk 0:11:23]} Bh8 {[%clk 0:12:44]} 18. Rxd8+
{[%clk 0:11:21]} Qxd8 {[%clk 0:12:43]} 19. Rd1 {[%clk 0:11:22]} Qc7
{[%clk 0:12:15]} 20. e5 {[%clk 0:10:34]} Bd7 {[%clk 0:10:12]} 21. Ne4
{[%clk 0:10:20]} c5 {[%clk 0:09:13]} 22. Nd6 {[%clk 0:09:04]} Bc6
{[%clk 0:08:50]} 23. Ng5 {[%clk 0:08:51]} Nxg5 {[%clk 0:08:19]} 24. Bxg5
{[%clk 0:08:29]} Qd7 {[%clk 0:06:56]} 25. h3 {[%clk 0:07:57]} Qe6
{[%clk 0:06:52]} 26. Bf4 {[%clk 0:07:20]} Qxa2 {[%clk 0:05:57]} 27. Nf5
{[%clk 0:06:08]} Qe6 {[%clk 0:02:58]} 28. Nh6+ {[%clk 0:06:02]} Kf8
{[%clk 0:02:34]} 29. Qxc5+ {[%clk 0:04:49]} Qe7 {[%clk 0:02:36]} 30. Qe3
{[%clk 0:04:40]} Rd8 {[%clk 0:01:51]} 31. Rxd8+ {[%clk 0:04:03]} Qxd8
{[%clk 0:01:52]} 32. Qxa7 {[%clk 0:03:52]} Bg7 {[%clk 0:00:51]} 33. Ng4
{[%clk 0:03:44]} h5 {[%clk 0:00:31]} 34. Ne3 {[%clk 0:03:05]} g5 {[%clk 0:00:21]}
35. Bh2 {[%clk 0:02:55]} Kg8 {[%clk 0:00:12]} 36. h4 {[%clk 0:02:30]} Qd2
{[%clk 0:00:05]} 37. Qa1 {[%clk 0:02:11]} gxh4 {[%clk 0:00:06]} 38. b3
{[%clk 0:01:44]} h3 {[%clk 0:00:08]} 39. gxh3 {[%clk 0:01:43]} Qd3
{[%clk 0:00:10]} 40. Qd1 {[%clk 0:01:38]} Qe4 {[%clk 0:00:11]} 41. Kf1
{[%clk 0:01:07]} Qh1+ {[%clk 0:00:13]} 42. Bg1 {[%clk 0:01:08]} Bb5+
{[%clk 0:00:13]} 43. Nc4 {[%clk 0:01:10]} Qxh3+ {[%clk 0:00:14]} 44. Ke1
{[%clk 0:01:07]} Qc3+ {[%clk 0:00:13]} 45. Kf1 {[%clk 0:01:04]} Bxc4+
{[%clk 0:00:13]} 46. bxc4 {[%clk 0:01:06]} Qxc4+ {[%clk 0:00:15]} 47. Kg2
{[%clk 0:01:07]} Qe4+ {[%clk 0:00:11]} 48. f3 {[%clk 0:01:07]} Qg6+
{[%clk 0:00:11]} 49. Kh3 {[%clk 0:00:59]} Qf5+ {[%clk 0:00:12]} 50. Kg2
{[%clk 0:00:58]} Bxe5 {[%clk 0:00:11]} 51. Qd5 {[%clk 0:00:54]} Qg5+
{[%clk 0:00:07]} 52. Kf1 {[%clk 0:00:54]} Qc1+ {[%clk 0:00:08]} 53. Kg2
{[%clk 0:00:55]} Qc2+ {[%clk 0:00:09]} 54. Kf1 {[%clk 0:00:54]} Qb1+
{[%clk 0:00:08]} 55. Kg2 {[%clk 0:00:56]} Qf5 {[%clk 0:00:06]} 56. Qxb7
{[%clk 0:00:50]} h4 {[%clk 0:00:05]} 57. Qe4 {[%clk 0:00:51]} Qg5+
{[%clk 0:00:05]} 58. Kh1 {[%clk 0:00:47]} Kg7 {[%clk 0:00:05]} 59. Qe2
{[%clk 0:00:23]} f6 {[%clk 0:00:05]} 60. Qg2 {[%clk 0:00:24]} Kg6
{[%clk 0:00:07]} 61. Be3 {[%clk 0:00:22]} Qg3 {[%clk 0:00:08]} 62. Qxg3+
{[%clk 0:00:22]} hxg3 {[%clk 0:00:07]} 63. f4 {[%clk 0:00:20]} Bc7
{[%clk 0:00:07]} 64. Kg2 {[%clk 0:00:22]} Kf5 {[%clk 0:00:08]} 65. Kxg3
{[%clk 0:00:24]} Ke4 {[%clk 0:00:09]} 66. Bc1 {[%clk 0:00:26]} f5
{[%clk 0:00:12]} 67. Bd2 {[%clk 0:00:28]} Bb6 {[%clk 0:00:13]} 68. Bb4
{[%clk 0:00:25]} Bc7 {[%clk 0:00:09]} 69. Bd2 {[%clk 0:00:27]} Bb6
{[%clk 0:00:11]} 70. Bb4 {[%clk 0:00:29]} Bc7 {[%clk 0:00:13]} 71. Bd2 Bb6
1/2-1/2

[Event "3e Open de Bastia"]
[Site "Bastia"]
[Date "2023.07.10"]
[Round "5.3"]
[White "Krasenkow, Michal"]
[Black "Anwesh, Upadhyaya"]
[Result "1-0"]
[BlackElo "2356"]
[WhiteElo "2524"]
[LiveChessVersion "1.4.6"]

1. d4 {[%clk 0:15:03]} d5 {[%clk 0:15:03]} 2. c4 {[%clk 0:15:05]} c6
{[%clk 0:15:04]} 3. Nc3 {[%clk 0:15:06]} Nf6 {[%clk 0:15:05]} 4. e3
{[%clk 0:15:08]} e6 {[%clk 0:15:02]} 5. Nf3 {[%clk 0:15:10]} Nbd7
{[%clk 0:15:04]} 6. Qc2 {[%clk 0:15:13]} Bd6 {[%clk 0:15:05]} 7. g4
{[%clk 0:15:14]} h6 {[%clk 0:15:06]} 8. Bd2 {[%clk 0:15:11]} dxc4
{[%clk 0:14:56]} 9. Bxc4 {[%clk 0:15:10]} b5 {[%clk 0:14:58]} 10. Be2
{[%clk 0:15:12]} Bb7 {[%clk 0:14:58]} 11. Rg1 {[%clk 0:15:06]} a6
{[%clk 0:13:52]} 12. e4 {[%clk 0:14:23]} Be7 {[%clk 0:13:43]} 13. e5
{[%clk 0:14:20]} Nd5 {[%clk 0:13:42]} 14. Nxd5 {[%clk 0:14:21]} cxd5
{[%clk 0:13:42]} 15. g5 {[%clk 0:14:16]} hxg5 {[%clk 0:13:28]} 16. Nxg5
{[%clk 0:14:16]} Nf8 {[%clk 0:12:59]} 17. Rg2 {[%clk 0:13:43]} Rh4
{[%clk 0:12:33]} 18. Qd3 {[%clk 0:13:41]} Qb6 {[%clk 0:12:05]} 19. Bg4
{[%clk 0:13:07]} Rc8 {[%clk 0:11:04]} 20. Qg3 {[%clk 0:12:34]} Rxg4
{[%clk 0:09:54]} 21. Qxg4 {[%clk 0:12:34]} Rc2 {[%clk 0:09:27]} 22. Qf4
{[%clk 0:10:27]} f6 {[%clk 0:08:18]} 23. Nf3 {[%clk 0:09:57]} g5 {[%clk 0:07:24]}
24. Qe3 {[%clk 0:09:59]} b4 {[%clk 0:07:23]} 25. exf6 {[%clk 0:08:55]} Bxf6
{[%clk 0:07:25]} 26. Qd3 {[%clk 0:08:34]} Rc7 {[%clk 0:06:36]} 27. Bxg5
{[%clk 0:08:27]} Bxg5 {[%clk 0:06:26]} 28. Rxg5 {[%clk 0:08:27]} a5
{[%clk 0:06:02]} 29. Rg8 {[%clk 0:07:52]} Kf7 {[%clk 0:05:20]} 30. Rg4
{[%clk 0:05:11]} Ke8 {[%clk 0:02:51]} 31. Ne5 {[%clk 0:02:22]} Ba6
{[%clk 0:02:22]} 32. Qf3 {[%clk 0:02:24]} b3 {[%clk 0:01:27]} 33. Qxb3
{[%clk 0:02:26]} Qa7 {[%clk 0:00:29]} 34. Qa4+ {[%clk 0:02:19]} Ke7
{[%clk 0:00:28]} 35. Rf4 {[%clk 0:01:59]} Qb8 {[%clk 0:00:07]} 36. Rf7+
{[%clk 0:01:49]} Kd6 {[%clk 0:00:08]} 37. Rxf8 {[%clk 0:01:44]} 1-0